<?xml version="1.0" encoding="UTF-8"?>
<collection xmlns="http://www.loc.gov/MARC21/slim">
 <record>
  <leader>00965cam a2200277 7i4500</leader>
  <controlfield tag="001">0000032548</controlfield>
  <controlfield tag="005">20250731090000.0</controlfield>
  <controlfield tag="008">250731t19962002nyua   ###   #00001eng##</controlfield>
  <datafield tag="020" ind1="#" ind2="#">
   <subfield code="a">0415282942 </subfield>
  </datafield>
  <datafield tag="020" ind1="#" ind2="#">
   <subfield code="a">9780415282949 </subfield>
  </datafield>
  <datafield tag="040" ind1="#" ind2="#">
   <subfield code="a">UMT </subfield>
   <subfield code="b">eng </subfield>
   <subfield code="c">UMT </subfield>
   <subfield code="d">Ohiolink </subfield>
   <subfield code="e">rda</subfield>
  </datafield>
  <datafield tag="090" ind1="0" ind2="0">
   <subfield code="a">G 70.4 </subfield>
   <subfield code="b">.C3 2002</subfield>
  </datafield>
  <datafield tag="100" ind1="1" ind2="#">
   <subfield code="a">Campbell, James B. </subfield>
   <subfield code="e">author </subfield>
  </datafield>
  <datafield tag="245" ind1="1" ind2="0">
   <subfield code="a">Introduction to remote sensing  </subfield>
   <subfield code="c">James B. Campbell.</subfield>
  </datafield>
  <datafield tag="250" ind1="#" ind2="#">
   <subfield code="a">Third edition</subfield>
  </datafield>
  <datafield tag="264" ind1="#" ind2="1">
   <subfield code="a">New York, USA: </subfield>
   <subfield code="b">Taylor &amp; Francis, </subfield>
   <subfield code="c">[2002]</subfield>
  </datafield>
  <datafield tag="264" ind1="#" ind2="1">
   <subfield code="c">♭2002</subfield>
  </datafield>
  <datafield tag="300" ind1="#" ind2="#">
   <subfield code="a">xxxi, 621 pages: </subfield>
   <subfield code="b">some colour illustrations, maps; </subfield>
   <subfield code="c">26 cm</subfield>
  </datafield>
  <datafield tag="336" ind1="#" ind2="#">
   <subfield code="a">text -- </subfield>
   <subfield code="2">rdacontent</subfield>
  </datafield>
  <datafield tag="337" ind1="#" ind2="#">
   <subfield code="a">unmediated -- </subfield>
   <subfield code="2">rdamedia</subfield>
  </datafield>
  <datafield tag="338" ind1="#" ind2="#">
   <subfield code="a">volume -- </subfield>
   <subfield code="2">rdacarrier</subfield>
  </datafield>
  <datafield tag="504" ind1="#" ind2="#">
   <subfield code="a">Includes bibliographical references and index</subfield>
  </datafield>
  <datafield tag="590" ind1="#" ind2="#">
   <subfield code="a">Pusat Pengajian Kejuruteraan Kelautan</subfield>
  </datafield>
  <datafield tag="650" ind1="0" ind2="0">
   <subfield code="a">Remote sensing </subfield>
  </datafield>
  <datafield tag="999" ind1=" " ind2=" ">
   <subfield code="a">1100023533</subfield>
   <subfield code="b">Book</subfield>
   <subfield code="c">Open Shelf</subfield>
   <subfield code="e">KOLEKSI TERBUKA</subfield>
  </datafield>
  <datafield tag="999" ind1=" " ind2=" ">
   <subfield code="a">1100019663</subfield>
   <subfield code="b">Book</subfield>
   <subfield code="c">Open Shelf</subfield>
   <subfield code="e">KOLEKSI TERBUKA</subfield>
  </datafield>
 </record>
</collection>
